|
|
|
|
| LEADER |
00707nab a2200181 i 4500 |
| 001 |
acta21915 |
| 005 |
20210526151017.0 |
| 008 |
161015s1979 hu o 0|| eng d |
| 022 |
|
|
|a 0563-0592
|
| 040 |
|
|
|a SZTE Egyetemi Kiadványok Repozitórium
|b hun
|
| 041 |
|
|
|a eng
|
| 100 |
1 |
|
|a Kiss István
|
| 245 |
1 |
0 |
|a Algological and hydrological investigations into alkali soils, with particular regard to the problems of water uprushes and "variety of colours"
|h [elektronikus dokumentum] /
|c Kiss István
|
| 260 |
|
|
|c 1979
|
| 300 |
|
|
|a 13-28
|
| 490 |
0 |
|
|a Acta biologica
|v 25 No. 3-4
|
| 695 |
|
|
|a Természettudomány
|
| 856 |
4 |
0 |
|u http://acta.bibl.u-szeged.hu/21915/1/biologica_025_fasc_003_004_013-028.pdf
|z Dokumentum-elérés
|